00934nam a2200121Ia 4500008004100000082001600041100001500057245023600072260002600308365000600334630023600340730023600576100415s9999 xx 000 0 und d b7416a574.5 aINGA (ED.) aConservation of Vegetation in Africa South of the Sahara : Proceedings of a Symposium held at the 6th Plenary meeting of the Association pour I'Etude Taxonomique de la Flore d'Afrique Tropicale (AETFAT) in Uppsala, Sept. 12-16 1966 aUPPSALAc1968bAETFAT b0 aConservation of Vegetation in Africa South of the Sahara : Proceedings of a Symposium held at the 6th Plenary meeting of the Association pour I'Etude Taxonomique de la Flore d'Afrique Tropicale (AETFAT) in Uppsala, Sept. 12-16 1966 aConservation of Vegetation in Africa South of the Sahara : Proceedings of a Symposium held at the 6th Plenary meeting of the Association pour I'Etude Taxonomique de la Flore d'Afrique Tropicale (AETFAT) in Uppsala, Sept. 12-16 1966